THE LAW OF PLEADINGS, DRAFTING AND CONVEYANCING : Including the pre - trial preparation , participation in trial proceedings and moot court (Record no. 8834)

MARC details
000 -LEADER
fixed length control field 00526nam a22001697a 4500
005 - DATE AND TIME OF LATEST TRANSACTION
control field 20250917133840.0
008 - FIXED-LENGTH DATA ELEMENTS--GENERAL INFORMATION
fixed length control field 250917b |||||||| |||| 00| 0 eng d
020 ## - INTERNATIONAL STANDARD BOOK NUMBER
ISBN 978-93-6385-727-8
041 ## - LANGUAGE CODE
Language code of text/sound track or separate title eng
100 ## - MAIN ENTRY--AUTHOR NAME
Personal name SHARMA, DR Y. S
245 ## - TITLE STATEMENT
Title THE LAW OF PLEADINGS, DRAFTING AND CONVEYANCING : Including the pre - trial preparation , participation in trial proceedings and moot court
250 ## - EDITION STATEMENT
Edition statement 6th ed. 2025
260 ## - PUBLICATION, DISTRIBUTION, ETC. (IMPRINT)
Place of publication JAIPUR
Name of publisher UNIVERSITY BOOK HOUS P LTD
300 ## - PHYSICAL DESCRIPTION
Number of Pages 582;P
650 ## - SUBJECT ADDED ENTRY--TOPICAL TERM
Topical Term LAW
942 ## - ADDED ENTRY ELEMENTS (KOHA)
Koha item type Books
Holdings
Lost status Damaged status Collection code Home library Current library Date acquired Source of acquisition Cost, normal purchase price Accession Number Koha item type
    LAW JRU Library JRU Library 17/09/2025 SPECIMEN COPY 625.00 0088/D Books